| 000 | 00000nam##2200000za#4500 |
| 001 | 9.565909 |
| 003 | CaOODSP |
| 005 | 20210624180033 |
| 007 | cr ||||||||||| |
| 008 | 150406|2008||||xxc|||||o f|0| 0 eng|d |
| 040 | |aCaOODSP|beng |
| 043 | |an-cn--- |
| 086 | 1 |aYM32-6/08-28E-PDF |
| 245 | 00|aImmigration status and legal entitlement to insured health services / |h[electronic resource]|c[By] Sandra Elgersma. |
| 260 | |aOttawa - Ontario : |bLibrary of Parliament. |c28 October 2008. |
| 300 | |a14p.|btable |
| 490 | 1 |a[Modular backgrounders]|vPRB 08-28E |
| 590 | |a09-20|b2009-05-15 |
| 690 | 07|aImmigration|2gcpds |
| 710 | 1 |aCanada.|bLibrary of Parliament. |bParliamentary Research Branch. |
| 720 | 1 |aElgersma, Sandra |
| 775 | 08|tLe statut d'immigrant et le droit reconnu par la loi à des services de santé assurés / |w(CaOODSP)9.597393 |
| 830 | #0|a[Modular backgrounders]|vPRB 08-28E|w(CaOODSP)9.504922 |
| 856 | 40|ahttp://publications.gc.ca|qPDF|s249 KB|uhttps://publications.gc.ca/collections/collection_2009/bdp-lop/prb/prb0828-e.pdf|yPRB 08-28E |